00610nam a22001937a 450000500170000000800410001702000180005804000210007604100080009708200130010510000240011824501030014225000120024526000320025730000100028965000220029965000620032170000330038320201128151157.0201128b ||||| |||| 00| 0 eng d a9789382056942 aIN-DiNCcIN-DiNC dasm a327bDAS aDas, Deepaneauthor aAntarashtriya samparka aru bishwa itihasar prekshapatsamuh/cby Deepan Das and Ganesh Chandra Bora a1st ed. aDibrugarh:bBanalata,c2020 a336p. aPolitical science aPerspectives of international relations and world history aBora, Ganesh Chandraeauthor